000 00230nam a2200085Ia 4500
008 170620s9999 xx 000 0 und d
100 _aMangal- S. K.
245 0 _aTeaching of Physical Science
260 _bMeerut- International Publishing House
260 _c2006
999 _c24137
_d24137